Meranie sociálno-ekonomického rozvoja prostredníctvom indexu lepšieho života
Schopnosť vyjadrovať kvalitu rastových procesov v ekonomike a definovanie jeho vplyvu na prax hospodárskej politiky. Zhodnotenie miery sociálno-ekonomického rozvoja prostredníctvom alternatívneho ukazovateľa indexu lepšieho života - BLI.
Enregistré dans:
| Auteur principal: | |
|---|---|
| Format: | Chapitre de livre |
| Langue: | anglais |
| Sujets: | |
| Tags: |
Pas de tags, Soyez le premier à ajouter un tag!
|
MARC
| LEADER | 00000nla a2200000 4500 | ||
|---|---|---|---|
| 001 | 0226726 | ||
| 005 | 20240710081805.1 | ||
| 041 | 0 | |a eng | |
| 044 | |a SK | ||
| 245 | 1 | 0 | |a Meranie sociálno-ekonomického rozvoja prostredníctvom indexu lepšieho života |c Andrea Valachová |
| 520 | |a Schopnosť vyjadrovať kvalitu rastových procesov v ekonomike a definovanie jeho vplyvu na prax hospodárskej politiky. Zhodnotenie miery sociálno-ekonomického rozvoja prostredníctvom alternatívneho ukazovateľa indexu lepšieho života - BLI. | ||
| 610 | 2 | 0 | |a politika hospodárska |
| 610 | 2 | 0 | |a index lepšieho života |
| 610 | 2 | 0 | |a rozvoj sociálno-ekonomický |
| 610 | 2 | 0 | |a ukazovatele sociálne |
| 610 | 2 | 0 | |a ukazovatele ekonomické |
| 100 | 1 | |a Valachová, Andrea, 1987- | |